[Event "Bariloche Peon Dama op"]
[Site "Bariloche"]
[Date "2024.03.16"]
[Round "5"]
[White "Lucero, Marzo Daniel"]
[Black "Sierra, Walter Damian"]
[Result "1-0"]
[WhiteElo "1953"]
[BlackElo "1800"]
[PlyCount "82"]
[EventDate "2024.03.15"]
[EventType "swiss"]
[EventRounds "7"]
[EventCountry "ARG"]
[SourceTitle "CB13_2024"]
[SourceDate "2024.03.27"]
[SourceVersion "1"]
[SourceVersionDate "2024.03.27"]
[SourceQuality "1"]

1. e4 c5 2. Nf3 Nc6 3. d4 cxd4 4. Nxd4 Nf6 5. Nc3 a6 6. Nxc6 dxc6 7. Qxd8+ Kxd8 8. a4 e6 9. f3 Nd5 10. Bc4 Bc5 11. Ke2 Ke7 12. f4 e5 13. Rf1 f6 14. f5 h5 15. Rf3 h4 16. Rh3 Nb6 17. Bd3 Bd7 18. a5 Nc8 19. g3 g5 20. Kf3 Be8 21. gxh4 Nd6 22. Kg2 gxh4 23. Be3 Bxe3 24. Rxe3 Bf7 25. Kf2 Bc4 26. Rg1 Rag8 27. Ree1 Bxd3 28. cxd3 Kf7 29. Na4 Rg5 30. Nc5 Rhg8 31. Ne6 Rxg1 32. Rxg1 Rh8 33. Rg7+ Ke8 34. Nc5 Nf7 35. Nxb7 Kf8 36. Rg1 Ng5 37. Rc1 Nh3+ 38. Ke3 Kg7 39. Rxc6 Rb8 40. Rb6 Nf4 41. Nc5 Rf8 1-0

[Event "Bariloche Peon Dama op"]
[Site "Bariloche"]
[Date "2024.03.15"]
[Round "2"]
[White "Lucero, Marzo Daniel"]
[Black "Rossi, Geronimo"]
[Result "0-1"]
[WhiteElo "1953"]
[BlackElo "1828"]
[PlyCount "76"]
[EventDate "2024.03.15"]
[EventType "swiss"]
[EventRounds "7"]
[EventCountry "ARG"]
[SourceTitle "CB13_2024"]
[SourceDate "2024.03.27"]
[SourceVersion "1"]
[SourceVersionDate "2024.03.27"]
[SourceQuality "1"]

1. e4 c5 2. Nf3 Nc6 3. d4 cxd4 4. Nxd4 Nf6 5. Nc3 e5 6. Ndb5 d6 7. Bg5 a6 8. Na3 b5 9. Nd5 Be7 10. Bxf6 Bxf6 11. c3 0-0 12. Nc2 Bg5 13. a4 bxa4 14. Rxa4 Be6 15. Rxa6 Bxd5 16. Qxd5 Rxa6 17. Bxa6 Ne7 18. Qd3 d5 19. 0-0 dxe4 20. Qxe4 Qd6 21. Bc4 Kh8 22. Re1 Ng6 23. Qf5 Qd2 24. g3 Bf6 25. Ra1 Ne7 26. Qe4 g6 27. Kg2 Kg7 28. Ra2 Nf5 29. Ra7 Nd6 30. Qd5 Nxc4 31. Qxc4 Qxc2 32. b4 e4 33. Ra2 Qxc3 34. Qxe4 Rb8 35. Ra7 Qxb4 36. Qf3 Qc5 37. Rd7 Rb2 38. h4 Rxf2+ 0-1

[Event "Bariloche Peon Dama op"]
[Site "Bariloche"]
[Date "2024.03.15"]
[Round "1"]
[White "Martinez, Leandro Ariel"]
[Black "Lucero, Marzo Daniel"]
[Result "0-1"]
[WhiteElo "1733"]
[BlackElo "1953"]
[PlyCount "33"]
[EventDate "2024.03.15"]
[EventType "swiss"]
[EventRounds "7"]
[EventCountry "ARG"]
[SourceTitle "CB13_2024"]
[SourceDate "2024.03.27"]
[SourceVersion "1"]
[SourceVersionDate "2024.03.27"]
[SourceQuality "1"]

1. e4 e5 2. Nc3 Nc6 3. Bc4 Nf6 4. d3 Bc5 5. Nge2 d6 6. Na4 Bb6 7. Nxb6 axb6 8. a3 h6 9. 0-0 0-0 10. f4 Bg4 11. Qe1 Bxe2 12. Qxe2 Nd4 13. Qf2 Ng4 14. Qd2 b5 15. Ba2 exf4 16. Rxf4 Qg5 17. c3 0-1